[Event "4NCL 2014-15"]
[Site "Hinckley Island ENG"]
[Date "2015.01.10"]
[Round "3.175"]
[White "Fernandez, Michael"]
[Black "Eckersley-Waites, Tom"]
[Result "0-1"]
[WhiteTitle "FM"]
[WhiteElo "2264"]
[BlackElo "2282"]
[WhiteTeam "e2e4.org.uk 1"]
[BlackTeam "Oxford 1"]
[WhiteFideId "5803560"]
[BlackFideId "412449"]
[EventDate "2014.11.15"]

1. e4 e5 2. Nf3 Nc6 3. d4 exd4 4. Nxd4 Bb4+ 5. c3 Bc5 6. Be3 Bb6 7. c4 Qf6 8.
Nxc6 Bxe3 9. fxe3 dxc6 10. Nc3 Be6 11. Qf3 O-O-O 12. Be2 Qh4+ 13. g3 Qe7 14. Rc1
h5 15. O-O Nf6 16. Qf4 h4 17. g4 Nh7 18. h3 Ng5 19. Kh2 Rd2 20. b3 Kb8 21. Rfd1
Rhd8 22. Qf1 Bc8 23. Nd5 Qe5+ 24. Nf4 Nxe4 25. Rxd2 Rxd2 26. Kg1 g5 27. Nh5 Ng3
28. Nxg3 Qxg3+ 29. Kh1 Qxe3 30. Re1 Qg3 31. Rd1 Rxa2 32. Rd3 Qe5 0-1

[Event "4NCL 2014-15"]
[Site "Hinckley Island ENG"]
[Date "2015.01.10"]
[Round "3.176"]
[White "Manley, Jon P"]
[Black "Burrows, Martin P"]
[Result "1/2-1/2"]
[WhiteElo "2180"]
[BlackElo "2136"]
[WhiteTeam "Oxford 1"]
[BlackTeam "e2e4.org.uk 1"]
[WhiteFideId "403296"]
[BlackFideId "409057"]
[EventDate "2014.11.15"]

1. e4 c5 2. Nc3 Nc6 3. Bb5 Nd4 4. Bc4 e6 5. Nge2 Nf6 6. O-O a6 7. d3 b5 8. Bb3
Nxb3 9. axb3 Bb7 10. f4 b4 11. Na4 Be7 12. Ng3 d6 13. f5 h5 14. fxe6 fxe6 15.
Bg5 Qc7 16. Bxf6 Bxf6 17. Nxh5 O-O-O 18. h3 d5 19. Qg4 dxe4 20. Nxf6 gxf6 21.
Qxe6+ Kb8 22. dxe4 Rd2 23. Rf2 Rxf2 24. Kxf2 Qf4+ 25. Ke2 Rd8 26. Rd1 Rxd1 27.
Kxd1 Qf1+ 28. Kd2 Qxg2+ 29. Kd3 Qf1+ 30. Ke3 Qg1+ 31. Kf3 Qf1+ 32. Ke3 Qg1+ 33.
Kf3 Qf1+ 1/2-1/2

[Event "4NCL 2014-15"]
[Site "Hinckley Island ENG"]
[Date "2015.01.10"]
[Round "3.177"]
[White "Byron, Alan M"]
[Black "Rawlinson, Aidan M"]
[Result "1-0"]
[WhiteElo "2188"]
[BlackElo "2190"]
[WhiteTeam "e2e4.org.uk 1"]
[BlackTeam "Oxford 1"]
[WhiteFideId "401773"]
[BlackFideId "413496"]
[EventDate "2014.11.15"]

1. e4 g6 2. d4 Bg7 3. Nc3 d6 4. Be3 a6 5. Qd2 Nd7 6. h4 h5 7. Nh3 b5 8. O-O-O
Bb7 9. Ng5 e6 10. f4 Nh6 11. Bd3 Ng4 12. f5 gxf5 13. exf5 e5 14. dxe5 Ndxe5 15.
Kb1 Qe7 16. Bf4 O-O-O 17. Rhe1 Rhe8 18. a4 b4 19. Nce4 c5 20. Be2 Qd7 21. Bxg4
hxg4 22. Nxd6+ 1-0

[Event "4NCL 2014-15"]
[Site "Hinckley Island ENG"]
[Date "2015.01.10"]
[Round "3.178"]
[White "Matta, Francesca"]
[Black "Norinkeviciute, Rasa"]
[Result "1/2-1/2"]
[BlackTitle "WFM"]
[WhiteElo "1921"]
[BlackElo "2009"]
[WhiteTeam "Oxford 1"]
[BlackTeam "e2e4.org.uk 1"]
[WhiteFideId "818780"]
[BlackFideId "12801925"]
[EventDate "2014.11.15"]

1. d4 Nf6 2. c4 e6 3. g3 Bb4+ 4. Bd2 Qe7 5. Bg2 d5 6. Nf3 O-O 7. cxd5 exd5 8. a3
Bd6 9. Nc3 c6 10. O-O h6 11. Qc2 Re8 12. e3 Nbd7 13. Na4 b6 14. Rfc1 Bb7 15. Nh4
Ne4 16. Be1 Qe6 17. Nc3 Rac8 18. b4 Re7 19. Ne2 g5 20. Nf3 f5 21. a4 Ba6 22. Qb2
Bc4 23. b5 Ndf6 24. Nc3 Ng4 25. bxc6 Rxc6 26. Nb5 Bb8 27. h3 Ngf6 28. Bb4 Re8
29. Rc2 Nh5 30. Be1 Nhf6 31. Rac1 Nd7 32. Na3 Rec8 33. Nxc4 Rxc4 34. Bf1 R4c7
35. Ba6 Rxc2 36. Rxc2 Rxc2 37. Qxc2 Qd6 38. Bb5 Bc7 39. Qb3 Kg7 40. Bb4 Qe6 41.
Qc2 Bd6 42. Qc6 Ndf6 43. Bxd6 Nxd6 44. Qc7+ Kg8 45. Qxa7 Nxb5 46. axb5 f4 47.
Qb8+ Kg7 48. Qc7+ Qd7 49. Qxb6 fxg3 50. fxg3 Qxh3 51. Qc7+ Kf8 52. b6 Ne8 53.
Qe5 Qd7 54. Qh8+ Ke7 55. Qxh6 Qf5 56. Ne5 Qb1+ 57. Kh2 Qc2+ 58. Kh3 Qf5+ 59. Ng4
Qf1+ 60. Kh2 Qe2+ 61. Kh3 Qf1+ 62. Kh2 Qe2+ 63. Kh3 Qf1+ 64. Kh2 Qe2+ 65. Kh3
Qf1+ 1/2-1/2

[Event "4NCL 2014-15"]
[Site "Hinckley Island ENG"]
[Date "2015.01.10"]
[Round "3.181"]
[White "Wallace, John Paul"]
[Black "Hawkins, Jonathan"]
[Result "0-1"]
[WhiteTitle "IM"]
[BlackTitle "GM"]
[WhiteElo "2388"]
[BlackElo "2550"]
[WhiteTeam "Cambridge University 1"]
[BlackTeam "Cheddleton 1"]
[WhiteFideId "3200957"]
[BlackFideId "412686"]
[EventDate "2014.11.15"]

1. d4 Nf6 2. c4 e6 3. Nc3 Bb4 4. f3 c5 5. d5 b5 6. e4 O-O 7. Bg5 h6 8. Bh4 Re8
9. d6 bxc4 10. Bxc4 Nc6 11. f4 Bb7 12. Nf3 Na5 13. Bd3 c4 14. Bc2 Qb6 15. Bxf6
gxf6 16. e5 Qe3+ 17. Qe2 Qxf4 18. O-O f5 19. Rad1 Bc5+ 20. Kh1 Qe3 21. Ba4 Qxe2
22. Nxe2 Bc6 23. Bxc6 Nxc6 24. Rc1 Reb8 25. Rxc4 Rxb2 26. Nf4 Bb6 27. Nh5 Bd8
28. g4 Rab8 29. gxf5 exf5 30. Rg1+ Kf8 31. Rf4 Rxa2 32. Rxf5 Rbb2 33. Rf6 Nxe5
34. Rxh6 Ng6 35. Nf4 Rf2 36. Nxg6+ Kg7 37. Rh4 fxg6 38. Rh3 Bf6 39. Rhg3 Be5 40.
Rxg6+ Kh7 0-1

[Event "4NCL 2014-15"]
[Site "Hinckley Island ENG"]
[Date "2015.01.10"]
[Round "3.182"]
[White "Hamitevici, Vladimir"]
[Black "Camus de Solliers, Guillaume"]
[Result "1/2-1/2"]
[WhiteTitle "IM"]
[BlackTitle "FM"]
[WhiteElo "2446"]
[BlackElo "2361"]
[WhiteTeam "Cheddleton 1"]
[BlackTeam "Cambridge University 1"]
[WhiteFideId "13902393"]
[BlackFideId "631256"]
[EventDate "2014.11.15"]

1. g3 Nf6 2. Bg2 e5 3. d3 g6 4. Nf3 Nc6 5. O-O Bg7 6. Nc3 O-O 7. Rb1 a5 8. a3 d5
9. e4 dxe4 10. dxe4 h6 11. Be3 Be6 12. Qc1 Kh7 13. Rd1 Qc8 14. b4 axb4 15. axb4
Bg4 16. Rd3 Bxf3 17. Bxf3 Nd4 18. Bxd4 exd4 19. Ne2 Nd7 20. Nxd4 Ne5 21. Rd1 Rd8
22. Be2 Ra2 23. Qe3 h5 24. Qb3 Qa8 25. Nb5 Rxd1+ 26. Rxd1 c6 27. Nd4 Ra3 28. Qb1
Qa7 29. Nb3 Qb6 30. Nc5 Nc4 31. Kg2 Nb2 32. Rd7 Qxb4 33. Rxf7 Kg8 34. Rxb7 Qxc5
35. Rxg7+ Kxg7 36. Qxb2+ Rc3 37. Bd3 Qd4 38. Qb7+ Kh6 39. Qb8 c5 40. e5 Qd5+ 41.
f3 Kg7 42. Qc7+ Kf8 43. Qc8+ Ke7 44. Qh8 Qf7 45. Qa8 Qe6 46. Qb7+ Qd7 47. Qb6
Qe6 48. Qb8 Kf7 49. Qc7+ Kf8 50. h4 Kg8 51. Be4 Kf8 52. Kf2 Kg8 53. Ke1 Rc4 54.
Kd2 Rd4+ 55. Ke3 Qc4 56. Qc8+ Kg7 57. e6 Qc3+ 58. Kf4 Qd2+ 59. Ke5 Rxe4+ 60.
fxe4 Qd4+ 61. Kf4 Qf2+ 62. Ke5 Qd4+ 1/2-1/2

[Event "4NCL 2014-15"]
[Site "Hinckley Island ENG"]
[Date "2015.01.10"]
[Round "3.183"]
[White "Haria, Ravi"]
[Black "Shytaj, Luca"]
[Result "0-1"]
[BlackTitle "IM"]
[WhiteElo "2132"]
[BlackElo "2449"]
[WhiteTeam "Cambridge University 1"]
[BlackTeam "Cheddleton 1"]
[WhiteFideId "415820"]
[BlackFideId "812633"]
[EventDate "2014.11.15"]

1. Nf3 d6 2. d4 Nf6 3. g3 g6 4. Bg2 Bg7 5. c4 Nbd7 6. Nc3 O-O 7. O-O a5 8. e4 e5
9. h3 Re8 10. Re1 exd4 11. Nxd4 Nc5 12. Qc2 Nfd7 13. Be3 Ne5 14. Qe2 c6 15. Rad1
Qc7 16. f4 Ned7 17. Qf2 a4 18. e5 dxe5 19. Nxc6 bxc6 20. Bxc5 Ba6 21. Bd6 Qb7
22. f5 Bxc4 23. Re4 Ba6 24. Rb4 Qc8 25. Rxa4 Bb7 26. Rc4 Nf6 27. fxg6 hxg6 28.
Nd5 Qe6 29. Nxf6+ Bxf6 30. Rb4 Rad8 31. Rxb7 Rxd6 32. Rxd6 Qxd6 33. Kh2 e4 34.
Qc2 e3 35. Qc4 Re6 36. Qe2 Bh4 37. Qf3 Qxg3+ 0-1

[Event "4NCL 2014-15"]
[Site "Hinckley Island ENG"]
[Date "2015.01.10"]
[Round "3.184"]
[White "Paehtz, Elisabeth"]
[Black "Bisby, Daniel L"]
[Result "1/2-1/2"]
[WhiteTitle "IM"]
[BlackTitle "FM"]
[WhiteElo "2482"]
[BlackElo "2318"]
[WhiteTeam "Cheddleton 1"]
[BlackTeam "Cambridge University 1"]
[WhiteFideId "4641833"]
[BlackFideId "404586"]
[EventDate "2014.11.15"]

1. e4 c5 2. Nf3 Nc6 3. Nc3 g6 4. d4 cxd4 5. Nxd4 Bg7 6. Be3 Nf6 7. Be2 O-O 8.
Qd2 d5 9. exd5 Nxd5 10. Nxd5 Qxd5 11. Bf3 Qe5 12. Nxc6 bxc6 13. O-O Bf5 14. Rab1
Rfd8 15. Qe2 Rab8 16. b3 Qc3 17. Rbc1 c5 18. Qa6 Rd7 19. Rfd1 Bd4 20. Bf4 e5 21.
Bh6 e4 22. Be2 e3 23. Kf1 exf2 24. Bd3 Re7 25. Bg5 Re6 26. Qc4 Bxd3+ 27. Qxd3
Qxd3+ 28. Rxd3 Rbe8 29. Bd2 Re2 30. Rd1 h5 1/2-1/2

[Event "4NCL 2014-15"]
[Site "Hinckley Island ENG"]
[Date "2015.01.10"]
[Round "3.185"]
[White "Eckersley-Waites, Adam"]
[Black "Eggleston, David J"]
[Result "0-1"]
[BlackTitle "IM"]
[WhiteElo "2268"]
[BlackElo "2424"]
[WhiteTeam "Cambridge University 1"]
[BlackTeam "Cheddleton 1"]
[WhiteFideId "411698"]
[BlackFideId "412120"]
[EventDate "2014.11.15"]

1. e4 c5 2. Nf3 d6 3. d4 Nf6 4. Nc3 cxd4 5. Nxd4 a6 6. Bg5 Nbd7 7. f4 Qc7 8. Qf3
h6 9. Bxf6 Nxf6 10. f5 Qc5 11. O-O-O g5 12. fxg6 Bg4 13. gxf7+ Kxf7 14. Qd3 Bxd1
15. Nxd1 Bg7 16. g3 Nxe4 17. Qxe4 Qxd4 18. Bc4+ Ke8 19. Qxb7 Qa7 20. Qd5 Kd8 21.
Rf1 Rf8 22. Rxf8+ Bxf8 23. c3 Kc7 24. Qe4 Rd8 25. Ne3 Kb8 26. Nd5 a5 27. Be2 e5
28. Bf3 Rd7 29. b4 Rb7 30. Ne3 Rc7 31. b5 Rxc3+ 32. Kd2 Qd4+ 33. Ke2 Qxe4 34.
Bxe4 Ra3 35. Bd5 h5 36. b6 Bh6 37. Nf5 Bc1 38. Ne7 Rc3 39. a4 Bg5 40. Nf5 Bd8
41. Nxd6 Bxb6 42. Nc4 Rb3 43. Kd2 Rb4 44. Kd3 Bg1 45. Bf7 Rxa4 46. Nxe5 Bxh2 47.
Nc4 Bxg3 48. Bxh5 Bc7 49. Be8 Rb4 50. Bc6 Kc8 51. Kc3 Kd8 52. Kd3 Ke7 53. Kc3
Ke6 54. Kd3 Bd8 55. Kd4 Be7 56. Bd5+ Kd7 57. Kd3 Bf6 58. Bg8 Rb3+ 59. Kc2 Rg3
60. Bf7 Ke7 61. Bd5 Rg5 62. Be4 Rg4 63. Bd5 Rd4 64. Bg8 a4 65. Ne3 Kf8 66. Ba2
Rf4 67. Bc4 Rh4 68. Bd5 Rh2+ 69. Ng2 Ke7 70. Kb1 Kd6 71. Bf3 Kc5 72. Ba8 Kb4 73.
Ne3 Bg7 74. Nc2+ Kc3 75. Be4 Rh5 76. Ka2 Bf8 77. Bg6 Rh2 78. Kb1 Bc5 79. Be4 Rf2
80. Bh7 Rf1+ 81. Ka2 Rc1 82. Na1 Rh1 83. Be4 Rh2+ 84. Kb1 Rb2+ 85. Kc1 Be3+ 86.
Kd1 Rd2+ 87. Ke1 Ra2 0-1

[Event "4NCL 2014-15"]
[Site "Hinckley Island ENG"]
[Date "2015.01.10"]
[Round "3.186"]
[White "Williams, Simon K"]
[Black "Spencer, Carl J"]
[Result "1-0"]
[WhiteTitle "GM"]
[WhiteElo "2429"]
[BlackElo "2194"]
[WhiteTeam "Cheddleton 1"]
[BlackTeam "Cambridge University 1"]
[WhiteFideId "404454"]
[BlackFideId "412171"]
[EventDate "2014.11.15"]

1. d4 e6 2. Nf3 Nf6 3. g4 h6 4. g5 hxg5 5. Bxg5 c5 6. e4 Qa5+ 7. Bd2 Qb6 8. d5
exd5 9. exd5 Nxd5 10. Ng5 Nc7 11. Nc3 f6 12. Qe2+ Be7 13. Nh3 Nc6 14. Na4 Qa6
15. Qe4 b5 16. Nxc5 Qb6 17. Be3 Qa5+ 18. c3 Kd8 19. O-O-O Qxa2 20. Bg2 Bxc5 21.
Bxc5 Ne5 22. Nf4 Nc4 1-0

[Event "4NCL 2014-15"]
[Site "Hinckley Island ENG"]
[Date "2015.01.10"]
[Round "3.187"]
[White "McClement, Andrew"]
[Black "Radovanovic, Jovica"]
[Result "0-1"]
[BlackTitle "FM"]
[WhiteElo "2202"]
[BlackElo "2311"]
[WhiteTeam "Cambridge University 1"]
[BlackTeam "Cheddleton 1"]
[WhiteFideId "2400480"]
[BlackFideId "915912"]
[EventDate "2014.11.15"]

1. e4 c5 2. Nf3 Nc6 3. d4 cxd4 4. Nxd4 Nf6 5. Nc3 d6 6. Be3 Ng4 7. Bb5 Nxe3 8.
fxe3 Bd7 9. Bxc6 bxc6 10. O-O e6 11. e5 Be7 12. exd6 Bxd6 13. Nf3 Qe7 14. Ne4
Bc7 15. Nfg5 f5 16. Qe2 O-O 17. Qh5 g6 18. Qh6 fxe4 19. Rad1 Bb6 20. Nxe4 Rxf1+
21. Kxf1 Qf8+ 22. Qf4 Qxf4+ 23. exf4 Rf8 24. g3 Bc8 25. Rd6 Kg7 26. Rxc6 e5 27.
Nd6 Bh3+ 28. Ke1 exf4 29. gxf4 Rxf4 30. Ne8+ Kf7 0-1

[Event "4NCL 2014-15"]
[Site "Hinckley Island ENG"]
[Date "2015.01.10"]
[Round "3.188"]
[White "Steil-Antoni, Fiona"]
[Black "Bamber, Elaine"]
[Result "0-1"]
[WhiteTitle "WIM"]
[BlackTitle "WFM"]
[WhiteElo "2095"]
[BlackElo "2096"]
[WhiteTeam "Cheddleton 1"]
[BlackTeam "Cambridge University 1"]
[WhiteFideId "4001249"]
[BlackFideId "2401428"]
[EventDate "2014.11.15"]

1. e4 e5 2. Nf3 Nc6 3. Bc4 Bc5 4. c3 Nf6 5. d3 a6 6. Bb3 d6 7. Nbd2 Ba7 8. O-O
O-O 9. h3 Nh5 10. Re1 Qf6 11. Nf1 Nf4 12. Be3 Ne7 13. Bxa7 Rxa7 14. Re3 Bxh3 15.
gxh3 Nxh3+ 16. Kg2 Qh6 17. N3h2 Ng6 18. Rxh3 Nf4+ 19. Kh1 Qxh3 20. Ne3 Kh8 21.
Qd2 Raa8 22. Rg1 Qd7 23. Nf5 g6 24. Nh6 d5 25. Qe3 f6 26. Qf3 dxe4 27. dxe4 Qd3
28. Rd1 Qxf3+ 29. Nxf3 Kg7 30. Ng4 Rad8 31. Rg1 Nd3 32. Rg2 Nxb2 33. Ne3 Rd3 34.
Rg3 Rxc3 35. Kg2 Nd3 36. Nh4 Nf4+ 37. Kh2 Rd3 38. Nef5+ Kh8 39. Nh6 Rd7 40. Rg1
c5 0-1

[Event "4NCL 2014-15"]
[Site "Hinckley Island ENG"]
[Date "2015.01.11"]
[Round "4.111"]
[White "Speelman, Jon S"]
[Black "Hebden, Mark L"]
[Result "1-0"]
[WhiteTitle "GM"]
[BlackTitle "GM"]
[WhiteElo "2501"]
[BlackElo "2498"]
[WhiteTeam "Wood Green HK"]
[BlackTeam "Guildford 2"]
[WhiteFideId "400033"]
[BlackFideId "400084"]
[EventDate "2014.11.15"]

1. Nf3 Nf6 2. c4 g6 3. Nc3 Bg7 4. d4 O-O 5. Bg5 c5 6. d5 d6 7. e4 h6 8. Be3 a6
9. a4 e5 10. h3 Ne8 11. g4 f5 12. gxf5 gxf5 13. exf5 Bxf5 14. Rg1 e4 15. Nd2 Qh4
16. Ncxe4 Nd7 17. Ng3 Bg6 18. Qg4 Qxg4 19. hxg4 Bxb2 20. Ra2 Bd4 21. Nf5 Bxe3
22. fxe3 Kh7 23. Rb2 Rb8 24. Ne7 Rf7 25. Nxg6 Kxg6 26. Bd3+ Kg7 27. Ke2 Ne5 28.
Rb6 Rd8 29. Bf5 Nf6 30. Be6 Re7 31. g5 hxg5 32. Rxg5+ Kf8 33. Rf5 Rxe6 34. Rxb7
Re7 35. Rxf6+ Nf7 36. Rb6 a5 37. Ra6 Kg7 38. Re6 Rb7 39. Kd3 Rh8 40. Rxa5 Rb2
41. Ra7 Rh2 42. Nf3 Rhf2 43. Ng5 Rb3+ 44. Ke4 Rc3 45. Nxf7 1-0

[Event "4NCL 2014-15"]
[Site "Hinckley Island ENG"]
[Date "2015.01.11"]
[Round "4.112"]
[White "Zhou, Yang-Fan"]
[Black "Greet, Andrew N"]
[Result "1-0"]
[WhiteTitle "IM"]
[BlackTitle "IM"]
[WhiteElo "2461"]
[BlackElo "2454"]
[WhiteTeam "Guildford 2"]
[BlackTeam "Wood Green HK"]
[WhiteFideId "468584"]
[BlackFideId "405817"]
[EventDate "2014.11.15"]

1. e4 e6 2. d4 d5 3. Nd2 c5 4. Ngf3 cxd4 5. Nxd4 Nc6 6. Bb5 Bd7 7. Nxc6 bxc6 8.
Bd3 Qc7 9. Qe2 Bd6 10. Nf3 dxe4 11. Qxe4 Nf6 12. Qh4 Qa5+ 13. Bd2 Qh5 14. Qxh5
Nxh5 15. O-O-O Nf4 16. Bf1 Ke7 17. g3 Nd5 18. Bg2 Rhc8 19. Rhe1 Rab8 20. Ng5 h6
21. Ne4 Be5 22. b3 Be8 23. f4 Bc7 24. c4 Nb4 25. Be3 Bb6 26. a3 Bxe3+ 27. Rxe3
Na6 28. Nd6 Rc7 29. f5 Nc5 30. b4 Nd7 31. fxe6 fxe6 32. Bh3 Nf8 33. c5 a5 34.
bxa5 Ra7 35. Nc4 Rb5 36. Re5 Bf7 37. Nd6 Rb8 38. Rf1 Bg8 39. Nf5+ Kf6 40. Nd4+
Kxe5 41. Nxc6+ Kd5 42. Nxb8 Ng6 43. c6 Kd6 44. Rd1+ Kc7 45. Rd7+ Kxb8 46. Rd8+
Kc7 47. Rxg8 Kxc6 48. Bxe6 Ne5 49. Kb2 g6 50. Bb3 Rxa5 51. Bc2 Kc5 52. Rc8+ Kd4
53. Rd8+ Ke3 54. a4 g5 55. Kb3 Rc5 56. Bd1 Nc6 57. Rd6 Nd4+ 58. Kb2 h5 59. Bxh5
Rc2+ 60. Ka3 Rxh2 61. g4 Rd2 62. Kb4 Rb2+ 63. Kc5 Rc2+ 64. Kd5 Ra2 65. Be8 Nf3
66. Re6+ Kf2 67. Re4 Rd2+ 68. Kc5 Kg3 69. a5 Rd8 70. Bc6 Nd2 71. Rb4 Rd3 72. a6
Nb3+ 73. Kb6 Nd4 74. Be4 1-0

[Event "4NCL 2014-15"]
[Site "Hinckley Island ENG"]
[Date "2015.01.11"]
[Round "4.113"]
[White "Shaw, John"]
[Black "Sarakauskas, Gediminas"]
[Result "1/2-1/2"]
[WhiteTitle "GM"]
[BlackTitle "IM"]
[WhiteElo "2430"]
[BlackElo "2396"]
[WhiteTeam "Wood Green HK"]
[BlackTeam "Guildford 2"]
[WhiteFideId "2400553"]
[BlackFideId "12800724"]
[EventDate "2014.11.15"]

1. e4 c5 2. Nc3 e6 3. Nf3 d6 4. Bb5+ Bd7 5. a4 Nf6 6. e5 a6 7. Bxd7+ Nfxd7 8.
exd6 Bxd6 9. d4 Nc6 10. d5 exd5 11. Nxd5 O-O 12. O-O h6 13. Bf4 Bxf4 14. Nxf4
Nf6 1/2-1/2

[Event "4NCL 2014-15"]
[Site "Hinckley Island ENG"]
[Date "2015.01.11"]
[Round "4.114"]
[White "Milliet, Sophie"]
[Black "McDonald, Neil"]
[Result "0-1"]
[WhiteTitle "IM"]
[BlackTitle "GM"]
[WhiteElo "2390"]
[BlackElo "2415"]
[WhiteTeam "Guildford 2"]
[BlackTeam "Wood Green HK"]
[WhiteFideId "623725"]
[BlackFideId "400629"]
[EventDate "2014.11.15"]

1. e4 d5 2. exd5 Qxd5 3. Nc3 Qd8 4. d4 Nf6 5. Nf3 Bg4 6. h3 Bxf3 7. Qxf3 c6 8.
Qd3 e6 9. Be2 Nbd7 10. O-O Qc7 11. a3 Bd6 12. b4 O-O 13. Ne4 Bf4 14. Bb2 Rad8
15. g3 Bh6 16. f4 g6 17. Ng5 Bg7 18. Qb3 Nd5 19. Nf3 b5 20. a4 a6 21. axb5 axb5
22. Ra6 N7b6 23. Ne5 Qb7 24. Ra5 Bxe5 25. fxe5 Nc4 26. Bxc4 bxc4 27. Qa3 c3 28.
Bxc3 c5 29. Rxc5 Ra8 30. Qc1 Rfd8 31. Bd2 Ra2 32. c3 Qd7 33. Qe1 Rc2 34. Qd1 Ra2
35. Bg5 0-1

[Event "4NCL 2014-15"]
[Site "Hinckley Island ENG"]
[Date "2015.01.11"]
[Round "4.115"]
[White "Saunders, John C."]
[Black "Wadsworth, Matthew J"]
[Result "0-1"]
[WhiteElo "2173"]
[BlackElo "2064"]
[WhiteTeam "Wood Green HK"]
[BlackTeam "Guildford 2"]
[WhiteFideId "1800736"]
[BlackFideId "415804"]
[EventDate "2014.11.15"]

1. e4 e6 2. d4 d5 3. Nd2 Be7 4. Bd3 c5 5. dxc5 Nf6 6. e5 Nfd7 7. Ngf3 Nc6 8. Qe2
Nxc5 9. O-O O-O 10. Nb3 Nxd3 11. cxd3 f6 12. d4 a5 13. exf6 Bxf6 14. Be3 b6 15.
Qc2 Bd7 16. Nbd2 Rc8 17. Qd3 Nb4 18. Qe2 Qe8 19. Rfc1 Rxc1+ 20. Rxc1 Nxa2 21.
Ra1 Nb4 22. Ne1 Bb5 23. Qg4 Qd7 24. Ndf3 Be2 25. Ne5 Bxe5 26. Qxe2 Bf6 27. Nf3
Rc8 28. Rc1 Rxc1+ 29. Bxc1 Qc6 30. Bd2 h6 31. Bxb4 axb4 32. g3 Kf7 33. Kg2 b3
34. Qe5 Qc2 35. Qd6 Qxb2 36. Qd7+ Kg6 37. Qxe6 Qc2 38. Qg8 b2 39. h4 b1=Q 40.
h5+ Kxh5 41. Qf7+ Qg6 42. Qxd5+ Qbf5 0-1

[Event "4NCL 2014-15"]
[Site "Hinckley Island ENG"]
[Date "2015.01.11"]
[Round "4.116"]
[White "Kilpatrick, Callum"]
[Black "Messam-Sparks, Lateefah"]
[Result "1-0"]
[WhiteTitle "FM"]
[WhiteElo "2350"]
[BlackElo "1951"]
[WhiteTeam "Guildford 2"]
[BlackTeam "Wood Green HK"]
[WhiteFideId "414425"]
[BlackFideId "470813"]
[EventDate "2014.11.15"]

1. e4 c5 2. Nf3 e6 3. g3 Nc6 4. Bg2 d6 5. O-O Nf6 6. Qe2 Be7 7. c3 O-O 8. d4 d5
9. e5 Ne4 10. Be3 Bd7 11. dxc5 Bxc5 12. Bxc5 Nxc5 13. Rd1 Qc7 14. Na3 a6 15. c4
d4 16. Rd2 Rfd8 17. Nc2 d3 18. Qe3 dxc2 19. Qxc5 b6 20. Qe3 Nb4 21. a3 Qxc4 22.
Rd4 Qa2 23. Rxa2 Nxa2 24. Rc4 Ba4 25. Nd4 b5 26. Rxc2 1-0

[Event "4NCL 2014-15"]
[Site "Hinckley Island ENG"]
[Date "2015.01.11"]
[Round "4.121"]
[White "Collins, Sam E."]
[Black "Wells, Peter K"]
[Result "1/2-1/2"]
[WhiteTitle "IM"]
[BlackTitle "GM"]
[WhiteElo "2490"]
[BlackElo "2457"]
[WhiteTeam "Barbican 4NCL 1"]
[BlackTeam "White Rose 1"]
[WhiteFideId "2501198"]
[BlackFideId "400327"]
[EventDate "2014.11.15"]

1. e4 e5 2. Nf3 Nc6 3. Bc4 Nf6 4. d4 exd4 5. e5 d5 6. Bb5 Ne4 7. Nxd4 Bc5 8. Be3
O-O 9. Nxc6 bxc6 10. Bxc5 Nxc5 11. Bxc6 Rb8 12. O-O Ba6 13. Re1 Rxb2 14. Bxd5
Nd3 15. Bb3 Qd4 16. Re3 Rxb3 17. axb3 Qxa1 18. cxd3 Rd8 19. h3 c5 20. Kh2 h6 21.
Qd2 Qxb1 22. Qa5 Rxd3 23. e6 fxe6 24. Re1 Rd1 25. Rxd1 Qxd1 26. Qxa6 Qxb3 27.
Qc8+ Kh7 28. Qxc5 a6 29. Qc6 a5 30. Qe4+ g6 31. Qf4 Qb7 32. Qe5 Qd5 33. Qc7+ Kg8
34. Qe7 Qf5 35. Qd8+ Kg7 36. Qc7+ Kg8 37. Qd8+ Kg7 38. Qc7+ Qf7 39. Qe5+ Qf6 40.
Qc7+ Qf7 41. Qe5+ Kh7 42. Qxa5 Qxf2 43. Qc7+ Kg8 44. Qc8+ Kf7 45. Qc7+ Kf6 46.
Qd8+ Kg7 47. Qc7+ Qf7 48. Qe5+ Kh7 49. h4 Qe7 50. h5 gxh5 51. Qxh5 Qc7+ 52. Kh1
Qc1+ 53. Kh2 Qf4+ 54. Kh1 e5 55. Qe8 Kg7 56. Qe6 Qh4+ 57. Kg1 Qe1+ 58. Kh2 Qh4+
59. Kg1 Qd4+ 60. Kh1 Qc5 61. Qg4+ Kf6 62. Qh4+ Kg7 63. Qg4+ Kf6 64. Qh4+ Kg6 65.
Qg4+ Kf6 1/2-1/2

[Event "4NCL 2014-15"]
[Site "Hinckley Island ENG"]
[Date "2015.01.11"]
[Round "4.122"]
[White "Adair, James R"]
[Black "Turner, Matthew J"]
[Result "1-0"]
[WhiteTitle "IM"]
[BlackTitle "GM"]
[WhiteElo "2421"]
[BlackElo "2485"]
[WhiteTeam "White Rose 1"]
[BlackTeam "Barbican 4NCL 1"]
[WhiteFideId "406252"]
[BlackFideId "402893"]
[EventDate "2014.11.15"]

1. e4 e5 2. Nf3 Nc6 3. Bb5 d6 4. d4 exd4 5. Nxd4 Bd7 6. Bxc6 bxc6 7. O-O Be7 8.
Qf3 c5 9. Nf5 Bf6 10. Nc3 Ne7 11. Nxe7 Bxe7 12. e5 dxe5 13. Be3 O-O 14. Ne4 Bc6
15. Nf6+ Bxf6 16. Qxc6 Qd6 17. Qxc5 Rfd8 18. Qc4 e4 19. Rab1 Qd5 20. Qa4 a5 21.
g3 h5 22. Rfe1 h4 23. Bf4 e3 24. fxe3 h3 25. Re2 Rab8 26. c4 Qh5 27. Qc2 Rd7 28.
e4 Rbd8 29. Rf1 Bd4+ 30. Kh1 Bc5 31. Ree1 Bb4 32. Qe2 Qg6 33. Rc1 Rd4 34. Bxc7
Rxe4 35. Qf3 Rd7 36. Bf4 Qc6 37. a3 Bc5 38. Be5 a4 39. Bc3 Be3 40. Rcd1 f5 41.
Rxd7 Qxd7 42. Qxf5 Qxf5 43. Rxf5 Rxc4 44. Re5 Bc5 45. Rg5 Bxa3 46. Rxg7+ Kf8 47.
Rh7 Bb4 48. Rxh3 Bxc3 49. bxc3 a3 50. Rh8+ Kg7 51. Ra8 Rxc3 52. Ra6 Rc1+ 53. Kg2
Rc2+ 54. Kh3 a2 55. g4 Kf7 56. Kg3 Ke7 57. g5 Kd7 58. h4 Kc7 59. Kg4 Kb7 60. Ra3
Kc6 61. g6 Kb5 62. h5 1-0

[Event "4NCL 2014-15"]
[Site "Hinckley Island ENG"]
[Date "2015.01.11"]
[Round "4.123"]
[White "D'Costa, Lorin A R"]
[Black "McNab, Colin A"]
[Result "1/2-1/2"]
[WhiteTitle "IM"]
[BlackTitle "GM"]
[WhiteElo "2430"]
[BlackElo "2426"]
[WhiteTeam "Barbican 4NCL 1"]
[BlackTeam "White Rose 1"]
[WhiteFideId "409219"]
[BlackFideId "2400030"]
[EventDate "2014.11.15"]

1. d4 g6 2. Nf3 d6 3. g3 Bg7 4. Bg2 Nf6 5. O-O O-O 6. Re1 c5 7. d5 e6 8. c4 exd5
9. cxd5 Re8 10. Nc3 Ne4 11. Nxe4 Rxe4 12. Nd2 Re8 13. a4 Nd7 14. Qc2 b6 15. e4
Ba6 16. Ra3 Rc8 17. Bf1 Bxf1 18. Rxf1 c4 19. Nxc4 Qc7 20. b3 Nc5 21. Be3 Nxb3
22. Qxb3 Qxc4 23. Qxc4 Rxc4 24. a5 Rcxe4 25. axb6 1/2-1/2